Pearl's ocean magic / (Record no. 471)
[ view plain ]
| 000 -LEADER | |
|---|---|
| fixed length control field | 01337cam a22002897a 4500 |
| 005 - DATE AND TIME OF LATEST TRANSACTION | |
| control field | 20250821135055.0 |
| 020 ## - INTERNATIONAL STANDARD BOOK NUMBER | |
| International Standard Book Number | 9780545750240 (pbk.) |
| 020 ## - INTERNATIONAL STANDARD BOOK NUMBER | |
| International Standard Book Number | 0545750245 (pbk.) |
| 040 ## - CATALOGING SOURCE | |
| Original cataloging agency | XY4 |
| Transcribing agency | XY4 |
| Modifying agency | OCLCO |
| -- | DLC |
| 050 00 - LIBRARY OF CONGRESS CALL NUMBER | |
| Classification number | PZ7.H1996 |
| Item number | Pc 2015 |
| 082 04 - DEWEY DECIMAL CLASSIFICATION NUMBER | |
| Classification number | 813.6 |
| Edition number | 23 |
| 100 1# - MAIN ENTRY--PERSONAL NAME | |
| Personal name | Hapka, Cathy. |
| 245 10 - TITLE STATEMENT | |
| Title | Pearl's ocean magic / |
| Statement of responsibility, etc. | by Catherine Hapka ; illustrated by Hollie Hibbert. |
| 260 ## - PUBLICATION, DISTRIBUTION, ETC. | |
| Place of publication, distribution, etc. | New York : |
| Name of publisher, distributor, etc. | Scholastic, |
| Date of publication, distribution, etc. | 2015. |
| 300 ## - PHYSICAL DESCRIPTION | |
| Extent | 92 pages : |
| Other physical details | illustrations : |
| Dimensions | 20 cm. |
| 490 0# - SERIES STATEMENT | |
| Series statement | Dolphin school ; |
| Volume/sequential designation | 1 |
| 500 ## - GENERAL NOTE | |
| General note | Includes a sneak peek at Dolphin School Echo's Lucky Charm. |
| 505 ## - FORMATTED CONTENTS NOTE | |
| Formatted contents note | K |
| 520 ## - SUMMARY, ETC. | |
| Summary, etc. | Welcome to Coral Cove Dolphin School. Pearl is a magical dolphin of the Salty Sea, and today is her first day of school. Her classmates Echo and Splash make great new friends! Together they start learning dolphin skills like magic, music, and jumping. But another student, Flip, just won't stop bragging. When he accepts a dare from an older student, he ends up in terrible danger from a shark! Can Pearl and her friends save him? It's an exciting first day at Dolphin School! |
| 521 2# - TARGET AUDIENCE NOTE | |
| Target audience note | 550 <br/> |
| Source | Lexile |
| 521 0# - TARGET AUDIENCE NOTE | |
| Target audience note | K <br/> |
| Source | Raz-Plus |
| 650 #0 - SUBJECT ADDED ENTRY--TOPICAL TERM | |
| Topical term or geographic name entry element | Dolphins |
| Form subdivision | Juvenile fiction. |
| 700 1# - ADDED ENTRY--PERSONAL NAME | |
| Personal name | Hibbert, Hollie, |
| Relator term | ill. |
| 906 ## - LOCAL DATA ELEMENT F, LDF (RLIN) | |
| a | 7 |
| b | cbc |
| c | copycat |
| d | 2 |
| e | ncip |
| f | 20 |
| g | y-gencatlg |
| 942 ## - ADDED ENTRY ELEMENTS (KOHA) | |
| Source of classification or shelving scheme | Dewey Decimal Classification |
| Koha item type | Books |
| Suppress in OPAC | No |
| 999 ## - | |
| -- | 471 |
| -- | 471 |
| Withdrawn status | Lost status | Source of classification or shelving scheme | Damaged status | Not for loan | Collection | Home library | Current library | Shelving location | Date acquired | Total Checkouts | Full call number | Barcode | Date last seen | Date last checked out | Price effective from | Koha item type | Copy number |
|---|---|---|---|---|---|---|---|---|---|---|---|---|---|---|---|---|---|
| Dewey Decimal Classification | Juvenile Fiction | Footprints International School Library Network Toul Kork Campus | Footprints International School Library Network Toul Kork Campus | TK Primary Library Room(4th Floor), Bookcase 3&4, Shelves 17-32, Yellow Books | 04/25/2023 | 2 | HAP 813.6 PZ7.H1996 | FISTK05272 | 04/03/2026 | 03/20/2026 | 04/25/2023 | Books | |||||
| Dewey Decimal Classification | Juvenile Fiction | Footprints International School Library Network Toul Tom Poung Campus | Footprints International School Library Network Toul Tom Poung Campus | TTP Primary Yellow Bookshelves | 08/21/2025 | 1 | HAP 813.6 PZ7.H1996 | FIS05508 | 11/26/2025 | 11/12/2025 | 08/21/2025 | Books | 2 |
